<?xml version="1.0" encoding="UTF-8"?><?xml-stylesheet type="text/xsl" href="static/style.xsl"?><OAI-PMH xmlns="http://www.openarchives.org/OAI/2.0/" xmlns:xsi="http://www.w3.org/2001/XMLSchema-instance" xsi:schemaLocation="http://www.openarchives.org/OAI/2.0/ http://www.openarchives.org/OAI/2.0/OAI-PMH.xsd"><responseDate>2026-06-29T03:12:47Z</responseDate><request verb="GetRecord" identifier="oai:docta.ucm.es:20.500.14352/133261" metadataPrefix="marc">https://docta.ucm.es/rest/oai/request</request><GetRecord><record><header><identifier>oai:docta.ucm.es:20.500.14352/133261</identifier><datestamp>2026-02-26T00:52:47Z</datestamp><setSpec>com_20.500.14352_14</setSpec><setSpec>col_20.500.14352_15</setSpec></header><metadata><record xmlns="http://www.loc.gov/MARC21/slim" xmlns:dcterms="http://purl.org/dc/terms/" xmlns:xsi="http://www.w3.org/2001/XMLSchema-instance" xmlns:doc="http://www.lyncode.com/xoai" xsi:schemaLocation="http://www.loc.gov/MARC21/slim http://www.loc.gov/standards/marcxml/schema/MARC21slim.xsd">
   <leader>00925njm 22002777a 4500</leader>
   <datafield ind2=" " ind1=" " tag="042">
      <subfield code="a">dc</subfield>
   </datafield>
   <datafield ind2=" " ind1=" " tag="720">
      <subfield code="a">Vizcaya, David</subfield>
      <subfield code="e">author</subfield>
   </datafield>
   <datafield ind2=" " ind1=" " tag="720">
      <subfield code="a">Tirado, Diego F.</subfield>
      <subfield code="e">author</subfield>
   </datafield>
   <datafield ind2=" " ind1=" " tag="720">
      <subfield code="a">Cabañas Poveda, Albertina</subfield>
      <subfield code="e">author</subfield>
   </datafield>
   <datafield ind2=" " ind1=" " tag="720">
      <subfield code="a">Serrano López, Dolores Remedios</subfield>
      <subfield code="e">author</subfield>
   </datafield>
   <datafield ind2=" " ind1=" " tag="720">
      <subfield code="a">Calvo Garrido, María Lourdes</subfield>
      <subfield code="e">author</subfield>
   </datafield>
   <datafield ind2=" " ind1=" " tag="260">
      <subfield code="c">2026-01</subfield>
   </datafield>
   <datafield ind2=" " ind1=" " tag="520">
      <subfield code="a">Breaking away from the limitations of conventional solvent evaporation (SE), supercritical fluid extraction of emulsions (SFEE) offers a transformative approach to the production of polymeric nanoparticles. In this study, both SFEE and SE were applied to formulate nanoparticles composed of Eudragit® S100 loaded with 5-aminosalicylic acid (5-ASA), a drug widely used in the treatment of inflammatory bowel disease (IBD). A comparison was made between the two methods in terms of particle size distribution, encapsulation efficiency, residual solvent content, and morphology. Formulation efforts focused on obtaining a stable emulsion. A mixed organic phase was required: acetone to dissolve the polymer and a second solvent to solubilise the drug, underscoring the formulation challenge. Among the solvents evaluated, dimethyl sulfoxide (DMSO) was selected due to its ability to maximise 5-ASA solubility, enhance emulsion stability, and its classification as a low-risk Class 3 solvent. SFEE resulted in larger particle sizes (D50 = 165 nm) and slightly lower encapsulation efficiency (EE = 84 %) compared to SE (D50 = 85 nm, EE = 99 %). Despite the high boiling point of DMSO, SFEE achieved a significant reduction in residual solvent content (&lt; 4 %) versus 21 % in SE particles. Both particles showed similar release profiles, with a rapid release of 5-ASA under acidic conditions despite being formulated with a pH-sensitive polymer. This behaviour was likely attributed to the nanometric size and high surface area of the particles, which favoured rapid drug diffusion.</subfield>
   </datafield>
   <datafield ind1="8" ind2=" " tag="024">
      <subfield code="a">David Vizcaya, Diego F. Tirado, Albertina Cabañas, Dolores R. Serrano, Lourdes Calvo, Preparation of 5-ASA-loaded Eudragit® S100 nanoparticles by emulsion-based methods: Comparison between solvent evaporation and supercritical fluid extraction, The Journal of Supercritical Fluids, Volume 227, 2026, 106753, ISSN 0896-8446</subfield>
   </datafield>
   <datafield ind1="8" ind2=" " tag="024">
      <subfield code="a">10.1016/j.supflu.2025.106753</subfield>
   </datafield>
   <datafield ind1="8" ind2=" " tag="024">
      <subfield code="a">https://hdl.handle.net/20.500.14352/133261</subfield>
   </datafield>
   <datafield ind1="8" ind2=" " tag="024">
      <subfield code="a">https://doi.org/10.1016/j.supflu.2025.106753</subfield>
   </datafield>
   <datafield ind2="0" ind1="0" tag="245">
      <subfield code="a">Preparation of 5-ASA-loaded Eudragit® S100 nanoparticles by emulsion-based methods: Comparison between solvent evaporation and supercritical fluid extraction</subfield>
   </datafield>
</record></metadata></record></GetRecord></OAI-PMH>